Szczegóły MARC21

Histoire de la France. [3], Les temps nouveaux de 1852 à nos jours /

003 -Nazwa inst., której nr kontr. jest w polu 001 [,]
    • @
    • Nazwa instytucji, której n kontrolny jest w polu 001
    • NUKAT
005 -DATA I CZAS OSTATNIEJ MODYFIKACJI [,]
    • @
    • pole kontrolne
    • 20241231112042.0
020 -Międzynarod. znormalizowany nr książki - ISBN [ , ]
    • a
    • Numer ISBN
    • 2037202105 Find
    • q
    • Dopowiedzenie
    • Édition complète
020 -Międzynarod. znormalizowany nr książki - ISBN [ , ]
    • a
    • Numer ISBN
    • 203720213X Find
    • q
    • Dopowiedzenie
    • tome 3
040 -Instytucja sporządzająca opis [ , ]
    • a
    • Instytucja, która sporządziła opis (NP)
    • WA U/68BLB
    • c
    • Instytucja, która sporządziła rekord (NP)
    • WA U/BLBs
    • d
    • Instytucja, która zmodyfikowała rekord (P)
    • WA U/68BLB
942 -Rodzaj dokumentu [ , ]
    • c
    • Rodzaj dokumentu
    • Książka
245 -Strefa tytułu i oznaczenia odpowiedzialności [0,0]
    • a
    • Tytuł
    • Histoire de la France. Find
    • n
    • Oznaczenie części (P)
    • [3],
    • p
    • Nazwa części (P)
    • Les temps nouveaux de 1852 à nos jours /
    • c
    • Pozostałe elementy strefy tytułu i oznaczenia odpowiedzialności (NP)
    • sous la direction de Georges Duby.
246 -Wariant tytułu [3,0]
    • a
    • Tytuł (NP)
    • Temps nouveaux de 1852 à nos jours
260 -Strefa adresu wydawniczego [ , ]
    • a
    • Miejsce wydania (P)
    • Paris :
    • b
    • Nazwa wydawcy (P)
    • Libraire Larousse,
    • c
    • Data wydania (P)
    • 1994.
300 -Strefa opisu fizycznego [ , ]
    • a
    • Określenie formy książki i/lub objętość (NP)
    • 665, [2] s. ;
    • c
    • Format (NP)
    • 18 cm.
336 -Typ zawartości [ , ]
    • a
    • Termin opisujący typ zawartości
    • Tekst
    • b
    • Kod określający zawartość
    • txt
    • 2
    • Źródło (terminu i kodu)
    • rdacontent
337 -Typ mediów [ , ]
    • a
    • Tryb odtwarzania
    • Bez urządzenia pośredniczącego
    • b
    • Kod typu mediów
    • n
    • 2
    • Źródło (terminu i kodu)
    • rdamedia
338 -Typ/rodzaj nośnika [ , ]
    • a
    • Hasło opisujące typ nośnika
    • Wolumin
    • b
    • Kod typu nośnika
    • nc
    • 2
    • Źródło (terminu i kodu)
    • rdacarrier
490 -Strefa serii i książki wielotomowej - forma nie do wyszukiwania [1, ]
    • a
    • Tytuł (P)
    • Références Larousse. Histoire Find
830 -Hasło dodatkowe serii i opisu książki wielotomowej - tytuł ujednolicony/tytuł [ ,0]
    • a
    • Tytuł ujednolicony/tytuł (NP)
    • Références Larousse.
    • p
    • Nazwa części/podserii/sekcji (P)
    • Histoire
    • 9
    • KHW
    • 594075
504 -Uwaga dot. bibliogr. załącznikowej [ , ]
    • a
    • Uwaga dot. bibliografii załącznikowej
    • Bibliogr. s. 665-685. Indeks.
651 -Hasło przedmiotowe w formie nazwy geograficznej [ ,7]
    • a
    • Nazwa geograficzna
    • Francja
    • x
    • Określnik rzeczowy
    • historia.
    • 2
    • Źródło terminu
    • kaba
    • 9
    • KHW
    • 109207
651 -Hasło przedmiotowe w formie nazwy geograficznej [ ,7]
    • a
    • Nazwa geograficzna
    • Francja
    • y
    • Określnik chronologiczny
    • 19 w.
    • 2
    • Źródło terminu
    • kaba
    • 9
    • KHW
    • 109450
651 -Hasło przedmiotowe w formie nazwy geograficznej [ ,7]
    • a
    • Nazwa geograficzna
    • Francja
    • y
    • Określnik chronologiczny
    • 20 w.
    • 2
    • Źródło terminu
    • kaba
    • 9
    • KHW
    • 109463
700 -Hasło dodatkowe - nazwa osobowa [1, ]
    • a
    • Nazwa osobowa (NP)
    • Duby, Georges Find
    • d
    • Daty biograficzne (NP)
    • (1919-1996).
    • e
    • Określenie rodzaju współpracy
    • Red.
    • 9
    • KHW
    • 10169
710 -Hasło dodatkowe - nazwa ciała zbiorowego [2, ]
    • a
    • Nazwa ciała zbiorowego lub nazwa geograficzna jako pierwszy element (NP)
    • Larousse.
    • 4
    • Kod relacji
    • pbl
    • 9
    • KHW
    • 80460
920 -ISBN [ , ]
    • a
    • ISBN
    • 2-03-720210-5 Find
    • q
    • Dopowiedzenie
    • Édition complète
920 -ISBN [ , ]
    • a
    • ISBN
    • 2-03-720213-X Find
    • q
    • Dopowiedzenie
    • tome 3
Data inwentaryzacji Lokalizacja Status udost. Numer inwentarzowy Sygnatura
1997-12-15BM1A.4891FR. Historia Francji 16